Taylor Swift - Devine la chanson sans indices #40 - Statistiques

Statistiques générales
  • Ce quiz a été pris 319 fois
  • Le résultat moyen est 264 sur 424
Statistiques - réponses
Réponse % Correct
a
99%
I
99%
you
99%
You
99%
huh
95%
Oh,
95%
"Oh
95%
the
95%
The
95%
me,
93%
me
93%
me"
93%
an
90%
be
90%
we
90%
in
88%
in,
88%
love
88%
your
88%
Do
85%
and
83%
And
83%
go?"
83%
when
83%
When
83%
it
82%
my
82%
Then,
82%
to
82%
were
82%
we're
82%
that
81%
That
81%
she
80%
on
79%
who
79%
you're
79%
I'm
76%
Is
76%
so
76%
they
76%
for
74%
no,
73%
it's
71%
think
71%
was
71%
Was
71%
what
71%
did
70%
about
68%
'bout
68%
have
67%
her
67%
say,
67%
say
67%
bet
66%
don't
66%
like
65%
of
65%
But
62%
had?
62%
she's
62%
shoes
62%
with
62%
With
62%
can't
60%
know
60%
too
60%
"Why
59%
I'll
58%
mine
58%
all
57%
at
56%
At
56%
'cause
56%
has
56%
said
56%
just
54%
Just
54%
not
54%
free
53%
girl
52%
God,
52%
up
52%
let
51%
Yeah,
51%
yeah,
51%
tell
50%
time
49%
never
48%
now
48%
Now
48%
get
47%
than
47%
friends
46%
better
45%
you'll
45%
out
44%
Does
43%
still
43%
back
41%
make
41%
over
41%
that's
41%
song
39%
Well,
39%
couldn't
38%
insane,
38%
leave
38%
'em
37%
feel
37%
wrote
37%
bed
36%
fine
36%
house
36%
life
36%
done
35%
done,
35%
fall
35%
dreams,
34%
every
34%
3 a.m.
32%
city
32%
eyes
32%
lookin'
32%
awake,
31%
believe
31%
last
31%
old
30%
Yes,
30%
couch
29%
dollar
29%
million
29%
need?
29%
forget
28%
hard
28%
heard
28%
wasn't
28%
fell
26%
happy
26%
sad
26%
around
25%
felt
25%
harder
25%
pedigree
25%
room
25%
asleep
24%
farm,
24%
grew
24%
help
24%
mansion
24%
organic
24%
sit
24%
tried
24%
community
23%
different
23%
Fast
23%
meaning
23%
raised
23%
cool
22%
silver
22%
talkin'
22%
Thinkin'
22%
early
21%
fit
21%
gated
21%
hadn't
21%
indie
21%
jokes
21%
livin'
21%
searchin'
21%
snow
21%
spoon
21%
dancin'
20%
space
20%
spring
20%
table
20%
upper
20%
circles
19%
concerts
19%
kitchen
19%
laughed
19%
music
19%
realized
19%
Scared
19%
scared
19%
Beverly
18%
book
18%
Hills
18%
week
18%
world,
18%
reality
17%
bills
16%
Mr.
16%
rolled
16%
saved
16%
sayin',
16%
shit
16%
shrink
16%
soul
16%
Superior
16%
bright
15%
loud
15%
none
15%
turned
15%
mattered
14%
voices
14%
shiny,
13%
crust
12%
Glamorous,
12%
hip,
12%
block
11%
crept
11%
Chasing
10%
status,
10%
Aucun quiz correspondant
Distribution des résultats
% des personnes avec chaque résultat
Percentile par nombre de réponses
Votre historique - résultats
Vous n’avez pas pris ce quiz